Maqalat-i shan-i ṣaḥabah Razi Allah Taala Anhm Ajmayn-i kiram / (Record no. 606817)
[ view plain ]
| 000 -LEADER | |
|---|---|
| fixed length control field | 00414nam a22001337a 4500 |
| 082 ## - DEWEY DECIMAL CLASSIFICATION NUMBER | |
| Classification number | 297.648 |
| Author Mark | MAQ |
| 245 ## - TITLE STATEMENT | |
| Title | Maqalat-i shan-i ṣaḥabah Razi Allah Taala Anhm Ajmayn-i kiram / |
| Statement of responsibility, etc. | tartib va takhrij, Mufti Muḥammad Zaman Saidi Riẓvi. |
| 260 ## - PUBLICATION, DISTRIBUTION, ETC. | |
| Place of publication, distribution, etc. | Pakistan: |
| Name of publisher, distributor, etc. | Madina Foundation; |
| Date of publication, distribution, etc. | - |
| 300 ## - PHYSICAL DESCRIPTION | |
| Extent | 158p. |
| 563 ## - BINDING INFORMATION | |
| Binding note | PB |
| 650 ## - SUBJECT ADDED ENTRY--TOPICAL TERM | |
| Topical term or geographic name entry element | Sahaba Karam, |
| 650 ## - SUBJECT ADDED ENTRY--TOPICAL TERM | |
| Topical term or geographic name entry element | Companion |
| 942 ## - ADDED ENTRY ELEMENTS (KOHA) | |
| Source of classification or shelving scheme | |
| Koha item type | Book |
| 650 ## - SUBJECT ADDED ENTRY--TOPICAL TERM | |
| -- | 118635 |
| 650 ## - SUBJECT ADDED ENTRY--TOPICAL TERM | |
| -- | 118631 |
| Withdrawn status | Lost status | Source of classification or shelving scheme | Materials specified (bound volume or other part) | Damaged status | Not for loan | Permanent Location | Current Location | Date acquired | Source of acquisition | Total Checkouts | Full call number | Barcode | Date last seen | Date last checked out | Price effective from | Koha item type |
|---|---|---|---|---|---|---|---|---|---|---|---|---|---|---|---|---|
| Donated by Rector Sectt NUST Islamabad | Central Library (CL) | Central Library (CL) | 11/23/2023 | Donation | 1 | 297.648 MAQ | CL-D-2535 | 12/31/2025 | 05/30/2024 | 11/23/2023 | Book | |||||
| Donated by Rector Sectt NUST Islamabad | Central Library (CL) | Central Library (CL) | 11/23/2023 | Donation | 297.648 MAQ | CL-D-2534 | 11/23/2023 | 11/23/2023 | Book |
